Rozszyfruj zagadkowe polskie miasta - Rebusy - Statystyki

Ogólne statystyki
  • Ten quiz został rozwiązany 29 razy
  • Średni wynik to 7 z 16
Statystyki odpowiedzi
Obrazkowy Odpowiedź % Poprawnych
Puck
76%
Rumia
76%
Bochnia
72%
Włoszczowa
72%
Bytom
64%
Węgrów
64%
Łomża
48%
Grójec
44%
Piszczac
40%
Sztum
36%
Lesko
28%
Biała
24%
Kolno
24%
Pniewy
16%
Lubaczów
12%
Tykocin
4%
Nie znaleziono quizów pasujących do podanych kryteriów
Rozkład punktacji
Procent ludzi z każdym wynikiem
Percentyl według liczby udzielonych odpowiedzi
Twoja historia wyników
Nie rozwiązałeś tego quizu